Score 0/18 Timer 05:00
1 Play Today
Hint Answer % Correct
Birdhouse
93.4%
Lighthouse
92.8%
Dinosaurs
91.6%
Binoculars
84.5%
Limousine
82.1%
Missouri
80.4%
Milhouse
66.2%
Caribou
64.9%
Jailhouse
63.3%
Hint Answer % Correct
Ventriloquist
54.2%
Precious
52.5%
Minotaur
39.5%
Passionfruit
30.3%
Dionysus
22%
Grindhouse
18.4%
Titmouse
15.8%
Gibbous
15.5%
Kinkajou
8%
Remove Ads.
Support Sporcle.
Get the best of Sporcle when you Go Orange. This ad-free experience offers more features, more stats, and more fun while also helping to support Sporcle. Thank you for becoming a member.

You're not logged in!

Compare scores with friends on all Sporcle quizzes.
OR
Log In

Show Comments

Extras

Top Quizzes Today


Score Distribution

Your Account Isn't Verified!

In order to create a playlist on Sporcle, you need to verify the email address you used during registration. Go to your Sporcle Settings to finish the process.

Report this User

Report this user for behavior that violates our Community Guidelines.

Details: